| 000 | 00935cam a22002891 4500 | ||
|---|---|---|---|
| 001 | 32447 | ||
| 003 | BD-RjUL | ||
| 005 | 20211209051833.0 | ||
| 008 | 140426s1967 stk b 001 0 eng d | ||
| 035 | _a(BD-RjUL)32536 | ||
| 035 | _a(OCoLC)353591 | ||
| 040 |
_aDLC _cODaWU _dOCoLC _dNBrockU _dDLC _dBD-RjUL _beng |
||
| 041 | _aeng | ||
| 082 | 0 | 0 |
_a291.1783 _bBLC 1967 |
| 100 | 1 |
_aBlyden, Edward Wilmot, _d1832-1912. _998720 |
|
| 245 | 1 | 0 |
_aChristianity, Islam and the Negro race / _c Edward W. Blyden; with an introduction by Christopher Fyfe. |
| 260 |
_aEdinburgh : _bUniversity P., _c1967. |
||
| 300 |
_axviii, ix, 407 p. ; _c23 cm. |
||
| 504 | _aIncludes bibliographical references and Index | ||
| 650 | 0 |
_aBlacks. _998722 |
|
| 650 | 0 |
_aChristianity _zAfrica. _998723 |
|
| 650 | 0 |
_aIslam _zAfrica. _998724 |
|
| 942 |
_2ddc _cBK |
||
| 999 |
_c32447 _d32447 |
||